000 00386nam a2200145Ia 4500
008 240719s9999 xx 000 0 und d
041 _aeng
082 _a613.2 CHE
100 _a Cheung Theresa
245 _aThe Lemon Juice Diet
260 _aNew York
_bSt. Martin's Griffin
_c2009
300 _a210.;P 20 Cm
365 _c
_b14.99
520 _aGifted By : IMT Faculty Dr.senthil kumar
999 _c41205
_d41205